| 000 | 00810nam a2200265 a 4500 | ||
|---|---|---|---|
| 001 | 000020031 | ||
| 005 | 20260310133638.0 | ||
| 008 | 100712s1959 sp 001 e spa d | ||
| 040 |
_aDO-SdBNP _bspa _cBNPHU |
||
| 082 |
_a864.3 _bV857d, 1959 |
||
| 100 | 1 |
_aVives, Juan Luis, _d1492-1540 _917618 |
|
| 245 | 1 | 0 |
_aDiálogos / _cJuan Luis Vives. |
| 250 | _a4a ed. | ||
| 260 |
_aMadrid : _bEspasa-Calpes, _c1959. |
||
| 300 |
_a153 p. ; _c18 cm. |
||
| 490 | 1 |
_aAustral. Verde : ensayos y filosofía _v128 |
|
| 500 | _aIncluye índice de autores. | ||
| 650 | 4 |
_aEnsayos españoles _93095 |
|
| 650 | 0 |
_aDiálogos españoles _915875 |
|
| 650 | 4 |
_aTeatro español _93071 |
|
| 650 | 4 |
_aLiteratura española _9632 |
|
| 830 | 0 |
_aAustral. _pVerde : ensayos y filosofía ; _v128 _98733 |
|
| 910 | _aWM | ||
| 049 | _aBNGR | ||
| 999 |
_c19543 _d19543 |
||